Catálogo público

Ganadería y desarrollo rural en tiempos de crisis / (Record no. 169395)

MARC details
000 -CABECERA
campo de control de longitud fija 01123nam a2200349Ia 4500
001 - NÚMERO DE CONTROL
campo de control Z_6161
003 - IDENTIFICADOR DEL NÚMERO DE CONTROL
campo de control CHAP
008 - DATOS DE LONGITUD FIJA--INFORMACIÓN GENERAL
campo de control de longitud fija 220113s2008 xx 000 0 und d
010 ## - NÚMERO DE CONTROL DE LA BIBLIOTECA DEL CONGRESO
Número de control de LC 169395
020 ## - NÚMERO INTERNACIONAL ESTÁNDAR DEL LIBRO
Número Internacional Estándar del Libro 968-839-335-5
040 ## - FUENTE DE LA CATALOGACIÓN
Centro/agencia transcriptor CHAP
082 ## - NÚMERO DE LA CLASIFICACIÓN DECIMAL DEWEY
Número de clasificación 636.08 G36
245 ## - MENCIÓN DE TÍTULO
Título Ganadería y desarrollo rural en tiempos de crisis /
Mención de responsabilidad, etc. coordinadores Beatriz A. Cavallotti Vázquez, Benito Ramírez Valverde y Carlos F. Marcof Álvarez
260 ## - PUBLICACIÓN, DISTRIBUCIÓN, ETC.
Lugar de publicación, distribución, etc. México :
Nombre del editor, distribuidor, etc. UACH. Departamento de Zootecnia,
Fecha de publicación, distribución, etc. 2008
300 ## - DESCRIPCIÓN FÍSICA
Extensión 356 p.
503 ## - NOTA DE HISTORIA BIBLIOGRÁFICA (BK CF MU) [OBSOLETO]
Nota de historia bibliográfica ej.1 - ej.5: Donación
504 ## - NOTA DE BIBLIOGRAFÍA, ETC.
Nota de bibliografía, etc. Incluye bibliografía e índice
650 ## - PUNTO DE ACCESO ADICIONAL DE MATERIA--TÉRMINO DE MATERIA
Término de materia o nombre geográfico como elemento de entrada Crisis económica
9 (RLIN) 28975
650 ## - PUNTO DE ACCESO ADICIONAL DE MATERIA--TÉRMINO DE MATERIA
Término de materia o nombre geográfico como elemento de entrada Desarrollo rural
9 (RLIN) 32067
650 ## - PUNTO DE ACCESO ADICIONAL DE MATERIA--TÉRMINO DE MATERIA
Término de materia o nombre geográfico como elemento de entrada Ganadería
Subdivisión general Aspectos económicos
9 (RLIN) 44616
650 ## - PUNTO DE ACCESO ADICIONAL DE MATERIA--TÉRMINO DE MATERIA
Término de materia o nombre geográfico como elemento de entrada Ganadería
Subdivisión general Investigación
9 (RLIN) 44756
650 ## - PUNTO DE ACCESO ADICIONAL DE MATERIA--TÉRMINO DE MATERIA
Término de materia o nombre geográfico como elemento de entrada Globalización
9 (RLIN) 48300
700 ## - PUNTO DE ACCESO ADICIONAL--NOMBRE DE PERSONA
Nombre de persona Marcof Alvarez, Carlos F., coord.
9 (RLIN) 144019
700 ## - PUNTO DE ACCESO ADICIONAL--NOMBRE DE PERSONA
Nombre de persona Ramírez Valverde, Benito, coord.
9 (RLIN) 144020
700 ## - PUNTO DE ACCESO ADICIONAL--NOMBRE DE PERSONA
Nombre de persona Cavallotti Vázquez, Beatriz A., coord.
9 (RLIN) 142977
901 ## - ELEMENTOS DE DATOS A LOCAL LDA (RLIN)
a 636.08 G36
902 ## - ELEMENTOS DE DATOS B LOCAL, LDB (RLIN)
a M
910 ## - DATOS DE OPCIÓN DEL USUARIO (OCLC)
Datos de opción del usuario 2008
942 ## - ELEMENTOS DE PUNTO DE ACCESO ADICIONAL (KOHA)
Tipo de ítem Koha Libro_
942 ## - ELEMENTOS DE PUNTO DE ACCESO ADICIONAL (KOHA)
Tipo de ítem Koha
Holdings
Estado de retiro Estado de pérdida Fuente del sistema de clasificación o colocación Estado dañado No para préstamo Código de colección Localización permanente Ubicación/localización actual Ubicación en estantería Fecha de adquisición Código de barras Fecha visto por última vez Número de copia Precio válido a partir de Tipo de ítem Koha
    Dewey Decimal Classification     General Zootecnia Zootecnia   17/05/2012 z_3802 18/01/2022 1 18/01/2022 Libro
    Dewey Decimal Classification     General Zootecnia Zootecnia   17/05/2012 z_3803 18/01/2022 2 18/01/2022 Libro
    Dewey Decimal Classification     General Zootecnia Zootecnia   17/05/2012 z_3804 18/01/2022 3 18/01/2022 Libro
    Dewey Decimal Classification     General Zootecnia Zootecnia   17/05/2012 z_3805 18/01/2022 4 18/01/2022 Libro
    Dewey Decimal Classification     General Zootecnia Zootecnia   17/05/2012 z_3806 18/01/2022 5 18/01/2022 Libro